| 000 | 00438 a2200169 4500 | ||
|---|---|---|---|
| 003 | Nust | ||
| 005 | 20170207153356.0 | ||
| 040 | _cNust | ||
| 082 | _a005.1 | ||
| 100 | _aGul , NC Chanda BESE-11 | ||
| 245 |
_aWin4tech a forensic toolkit (Hard / Soft-copy) _cNC Chanda Gul & NC Ayesha Aslam BESE-11 |
||
| 260 |
_bMCS _c2009 |
||
| 300 | _axi, 104 p | ||
| 538 | _aAlmirah No 71 Shelf No 5 | ||
| 650 | _aUG Projects | ||
| 651 | _aUG CS Projects | ||
| 942 | _cTHS | ||
| 999 |
_c184752 _d184752 |
||